00322 a2200133 4500003000500000005001700005040000900022082001200031100001000043245005200053260004400105300000900149538003000158Nust20230221101407.0 cNust a297,IQB aIqbal aMusanwi Pas che Bayad Kro muga Musafer /cIqbal aLahore bSheh Gulam Ali and Sans c1958 a44p; aAlmirah No.66 Shelf No.51